[Event "Skakligaen 2019-20"]
[Site "Denmark"]
[Date "2019.11.24"]
[Round "2.4"]
[White "Pedersen, Steffen"]
[Black "Christensen, Jan Schleicher"]
[Result "1-0"]
[WhiteElo "2308"]
[BlackElo "2177"]
[PlyCount "69"]
[EventDate "2019.11.23"]
[EventType "team-tourn"]
[EventRounds "9"]
[WhiteTeam "Hillerod"]
[BlackTeam "Nordre"]
[WhiteTeamCountry "DEN"]
[BlackTeamCountry "DEN"]

1. d4 Nf6 2. Nf3 c5 3. d5 e6 4. c4 b5 5. e4 Nxe4 6. Bd3 Nf6 7. dxe6 fxe6 8.
cxb5 d5 9. O-O Bd6 10. Re1 O-O 11. Nc3 a6 12. Bg5 axb5 13. Nxb5 Nc6 14. Bh4 Bb8
15. Ng5 Qe8 16. Bg3 Qe7 17. Bf5 Bxg3 18. hxg3 e5 19. Bxh7+ Kh8 20. Bb1 Ng4 21.
Nh3 Be6 22. Nc3 Nd4 23. f3 Nh6 24. Rxe5 Qf6 25. Nf4 Kg8 26. Re1 Bf7 27. Ncxd5
Bxd5 28. Nxd5 Qd6 29. Ne7+ Kh8 30. f4 Rfe8 31. Ng6+ Kg8 32. Ne5 Rad8 33. Qd3
Ndf5 34. g4 Qxd3 35. Bxd3 1-0

[Event "Skakligaen 2019-20"]
[Site "Denmark"]
[Date "2019.11.24"]
[Round "2.5"]
[White "Klitgaard, Thomas"]
[Black "Jaksland, Tim"]
[Result "1/2-1/2"]
[WhiteElo "2173"]
[BlackElo "2218"]
[PlyCount "28"]
[EventDate "2019.11.23"]
[EventType "team-tourn"]
[EventRounds "9"]
[WhiteTeam "Nordre"]
[BlackTeam "Hillerod"]
[WhiteTeamCountry "DEN"]
[BlackTeamCountry "DEN"]

1. d4 Nf6 2. Bg5 c5 3. d5 Ne4 4. Bf4 e6 5. f3 Qa5+ 6. c3 Nf6 7. e4 exd5 8. exd5
d6 9. Ne2 Be7 10. Ng3 O-O 11. Be2 Re8 12. O-O b5 13. a4 c4 14. Na3 Bb7 1/2-1/2

[Event "Skakligaen 2019-20"]
[Site "Denmark"]
[Date "2019.11.24"]
[Round "2.6"]
[White "Ostergaard, Jens"]
[Black "Hoiberg, Nina"]
[Result "1-0"]
[WhiteElo "2228"]
[BlackElo "2187"]
[PlyCount "57"]
[EventDate "2019.11.23"]
[EventType "team-tourn"]
[EventRounds "9"]
[WhiteTeam "Hillerod"]
[BlackTeam "Nordre"]
[WhiteTeamCountry "DEN"]
[BlackTeamCountry "DEN"]

1. d4 Nf6 2. Nf3 d6 3. c4 Nbd7 4. Nc3 e5 5. e4 Be7 6. Be2 O-O 7. O-O c6 8. Re1
a6 9. Bf1 b5 10. a3 bxc4 11. Bxc4 exd4 12. Nxd4 Ne5 13. Bf1 c5 14. Nc2 Nc6 15.
Bf4 Rb8 16. Rb1 Ne8 17. Nd5 Bg5 18. Bg3 Bh4 19. Bxh4 Qxh4 20. b4 Ne5 21. f3 f5
22. bxc5 Rxb1 23. Qxb1 dxc5 24. Qb8 fxe4 25. Qxe5 exf3 26. gxf3 Bb7 27. Bg2 h6
28. Rb1 Bxd5 29. Qxd5+ 1-0

[Event "Skakligaen 2019-20"]
[Site "Denmark"]
[Date "2019.11.24"]
[Round "2.7"]
[White "Abildlund, Jens"]
[Black "Nordenbaek, Jan"]
[Result "1/2-1/2"]
[WhiteElo "2187"]
[BlackElo "2239"]
[PlyCount "28"]
[EventDate "2019.11.23"]
[EventType "team-tourn"]
[EventRounds "9"]
[WhiteTeam "Nordre"]
[BlackTeam "Hillerod"]
[WhiteTeamCountry "DEN"]
[BlackTeamCountry "DEN"]

1. d4 Nf6 2. Nf3 d5 3. Bf4 c5 4. e3 Nc6 5. c3 Qb6 6. Qb3 c4 7. Qc2 Bf5 8. Qc1
e6 9. Be2 Be7 10. h3 h6 11. O-O O-O 12. Nbd2 Qd8 13. Ne5 Nxe5 14. Bxe5 b5
1/2-1/2

[Event "Skakligaen 2019-20"]
[Site "Denmark"]
[Date "2019.11.24"]
[Round "2.8"]
[White "Nilsson, Lars Kjoller"]
[Black "Rewitz, Jan"]
[Result "1/2-1/2"]
[WhiteElo "1912"]
[BlackElo "2094"]
[PlyCount "35"]
[EventDate "2019.11.23"]
[EventType "team-tourn"]
[EventRounds "9"]
[WhiteTeam "Hillerod"]
[BlackTeam "Nordre"]
[WhiteTeamCountry "DEN"]
[BlackTeamCountry "DEN"]

1. e4 d5 2. exd5 Nf6 3. d4 Nxd5 4. c4 Nb6 5. Nf3 g6 6. c5 Nd5 7. Bc4 Bg7 8. O-O
O-O 9. Qb3 c6 10. Nc3 Nxc3 11. bxc3 b6 12. cxb6 axb6 13. Bf4 Ba6 14. Rfe1 Bxc4
15. Qxc4 e6 16. Ne5 Qd5 17. Qb3 b5 18. Red1 1/2-1/2

[Event "Skakligaen 2019-20"]
[Site "Denmark"]
[Date "2019.11.24"]
[Round "2.1"]
[White "Skytte, Rasmus"]
[Black "Hillarp Persson, Tiger"]
[Result "1/2-1/2"]
[WhiteElo "2373"]
[BlackElo "2542"]
[PlyCount "63"]
[EventDate "2019.11.23"]
[EventType "team-tourn"]
[EventRounds "9"]
[WhiteTeam "Aarhus Skolerne"]
[BlackTeam "Bronshoj"]
[WhiteTeamCountry "DEN"]
[BlackTeamCountry "DEN"]

1. e4 g6 2. d4 Bg7 3. c4 d6 4. Nc3 Nf6 5. Be2 O-O 6. Bg5 Na6 7. Nf3 h6 8. Be3
Ng4 9. Bc1 e5 10. O-O c6 11. h3 exd4 12. Nxd4 Nf6 13. Bf4 Re8 14. Bf3 Nh7 15.
g4 Be5 16. Be3 Qh4 17. Bg2 Ng5 18. Bxg5 Qxg5 19. Nde2 Qe7 20. f4 Bg7 21. Qd2
Be6 22. b3 Nc5 23. Rad1 Rad8 24. Rf2 a5 25. Rdf1 Bc8 26. Ng3 Qh4 27. Nce2 h5
28. gxh5 f5 29. exf5 gxf5 30. Qxa5 Re3 31. Rf3 Rxf3 32. Rxf3 1/2-1/2

[Event "Skakligaen 2019-20"]
[Site "Denmark"]
[Date "2019.11.24"]
[Round "2.2"]
[White "Aagaard, Jacob"]
[Black "Sorensen, Jan"]
[Result "1/2-1/2"]
[WhiteElo "2473"]
[BlackElo "2395"]
[PlyCount "45"]
[EventDate "2019.11.23"]
[EventType "team-tourn"]
[EventRounds "9"]
[WhiteTeam "Bronshoj"]
[BlackTeam "Aarhus Skolerne"]
[WhiteTeamCountry "DEN"]
[BlackTeamCountry "DEN"]

1. c4 e6 2. Nf3 d5 3. d4 Nf6 4. Nc3 a6 5. cxd5 exd5 6. Bf4 Bd6 7. Bxd6 Qxd6 8.
e3 O-O 9. Bd3 Bg4 10. Qc2 Nc6 11. a3 Rfe8 12. O-O g6 13. Rac1 Bxf3 14. gxf3 Ne7
15. Kh1 Nh5 16. Rg1 Ng7 17. Na4 c6 18. Nc5 Ra7 19. b4 Nc8 20. f4 Qe7 21. Rg5
Nd6 22. Re5 Qd8 23. Rg1 1/2-1/2

[Event "Skakligaen 2019-20"]
[Site "Denmark"]
[Date "2019.11.24"]
[Round "2.3"]
[White "Vinther Schou, Uffe"]
[Black "Vasli, Aref"]
[Result "1/2-1/2"]
[WhiteElo "2361"]
[BlackElo "2397"]
[PlyCount "47"]
[EventDate "2019.11.23"]
[EventType "team-tourn"]
[EventRounds "9"]
[WhiteTeam "Aarhus Skolerne"]
[BlackTeam "Bronshoj"]
[WhiteTeamCountry "DEN"]
[BlackTeamCountry "DEN"]

1. Nf3 Nf6 2. c4 g6 3. g3 Bg7 4. Bg2 O-O 5. O-O d5 6. cxd5 Nxd5 7. d4 Nb6 8.
Nc3 Nc6 9. d5 Na5 10. Nd4 e6 11. e4 Re8 12. Nb3 Nxb3 13. Qxb3 exd5 14. exd5 Bf5
15. Bf4 Bd3 16. Rfd1 Be2 17. Nxe2 Rxe2 18. Rac1 Be5 19. Bd2 Bg7 20. Qd3 Re8 21.
Bf4 Be5 22. Bxe5 Rxe5 23. Qd4 Qd6 24. Qc5 1/2-1/2

[Event "Skakligaen 2019-20"]
[Site "Denmark"]
[Date "2019.11.24"]
[Round "2.4"]
[White "Hoi, Carsten"]
[Black "Ochsner, Thomas"]
[Result "1-0"]
[WhiteElo "2317"]
[BlackElo "2265"]
[PlyCount "63"]
[EventDate "2019.11.23"]
[EventType "team-tourn"]
[EventRounds "9"]
[WhiteTeam "Bronshoj"]
[BlackTeam "Aarhus Skolerne"]
[WhiteTeamCountry "DEN"]
[BlackTeamCountry "DEN"]

1. c4 Nf6 2. d4 e6 3. Nc3 Bb4 4. e3 O-O 5. Bd3 d5 6. Nf3 b6 7. cxd5 exd5 8. Ne5
Bb7 9. O-O a6 10. Bd2 Bd6 11. f4 c5 12. Qf3 Nc6 13. Qh3 g6 14. Ne2 Ne4 15. Bxe4
dxe4 16. Bc3 Qe7 17. f5 f6 18. Ng4 h5 19. Nh6+ Kh7 20. fxg6+ Kxh6 21. Rf5 Kxg6
22. Qxh5+ Kg7 23. dxc5 Be5 24. Nf4 Qe8 25. Qg4+ Kf7 26. Qg6+ Ke7 27. Bxe5 Qxg6
28. Nxg6+ Ke6 29. Nxf8+ Kxf5 30. Bd6 bxc5 31. Rf1+ Kg5 32. Ne6+ 1-0

[Event "Skakligaen 2019-20"]
[Site "Denmark"]
[Date "2019.11.24"]
[Round "2.5"]
[White "Sobjerg, Erik"]
[Black "Aabling Thomsen, Jakob"]
[Result "1/2-1/2"]
[WhiteElo "2289"]
[BlackElo "2347"]
[PlyCount "87"]
[EventDate "2019.11.23"]
[EventType "team-tourn"]
[EventRounds "9"]
[WhiteTeam "Aarhus Skolerne"]
[BlackTeam "Bronshoj"]
[WhiteTeamCountry "DEN"]
[BlackTeamCountry "DEN"]

1. e4 c5 2. Nf3 g6 3. c3 d5 4. exd5 Qxd5 5. d4 Nc6 6. Be2 Bf5 7. dxc5 Qxc5 8.
Be3 Qa5 9. Na3 Bg7 10. O-O Nf6 11. Qb3 O-O 12. Qxb7 Rfc8 13. Nc4 Qd8 14. Rfd1
Qe8 15. Nd4 Be4 16. Qa6 Nd5 17. Nxc6 Rxc6 18. Qa4 Bxc3 19. Rxd5 Bxd5 20. bxc3
Qc8 21. Ne5 Rxc3 22. Qd4 Be6 23. Bf3 Rb8 24. Qxa7 Rb5 25. Nc6 Rxc6 26. Bxc6
Qxc6 27. Qxe7 Qd7 28. Qf6 Rf5 29. Qc3 Rd5 30. h3 Rd1+ 31. Rxd1 Qxd1+ 32. Kh2
Qd6+ 33. g3 Bxa2 34. Bh6 f6 35. Qc8+ Kf7 36. Qh8 g5 37. Qxh7+ Ke8 38. Qe4+ Kf7
39. Qh7+ Ke8 40. Qe4+ Kf7 41. h4 gxh4 42. Qxh4 Qd5 43. Be3 Qf5 44. Qf4 1/2-1/2

[Event "Skakligaen 2019-20"]
[Site "Denmark"]
[Date "2019.11.24"]
[Round "2.6"]
[White "Palm, Nikolaj"]
[Black "Hagen, Kresten Skytte"]
[Result "1/2-1/2"]
[WhiteElo "2282"]
[BlackElo "2167"]
[PlyCount "45"]
[EventDate "2019.11.23"]
[EventType "team-tourn"]
[EventRounds "9"]
[WhiteTeam "Bronshoj"]
[BlackTeam "Aarhus Skolerne"]
[WhiteTeamCountry "DEN"]
[BlackTeamCountry "DEN"]

1. d4 Nf6 2. c4 c5 3. d5 e6 4. Nc3 exd5 5. cxd5 d6 6. e4 g6 7. f4 Bg7 8. Nf3
O-O 9. Bd3 Re8 10. O-O a6 11. a4 Nbd7 12. Qc2 Qc7 13. Nd2 Ng4 14. Nc4 Nb6 15.
Nxb6 Qxb6 16. a5 Bd4+ 17. Kh1 Qd8 18. g3 Qf6 19. Nd1 Qg7 20. Ra2 Bd7 21. b3
Rac8 22. Qg2 f5 23. exf5 1/2-1/2

[Event "Skakligaen 2019-20"]
[Site "Denmark"]
[Date "2019.11.24"]
[Round "2.7"]
[White "Schmidt, Christian Korup"]
[Black "Laursen, Niels Norskov"]
[Result "0-1"]
[WhiteElo "1981"]
[BlackElo "2251"]
[PlyCount "52"]
[EventDate "2019.11.23"]
[EventType "team-tourn"]
[EventRounds "9"]
[WhiteTeam "Aarhus Skolerne"]
[BlackTeam "Bronshoj"]
[WhiteTeamCountry "DEN"]
[BlackTeamCountry "DEN"]

1. e4 d6 2. Bc4 Nf6 3. d3 g6 4. h3 Bg7 5. c3 O-O 6. Nf3 c6 7. O-O Nbd7 8. Re1
Qc7 9. Bf4 e5 10. Bg3 Nh5 11. Bh2 b5 12. Bb3 Nc5 13. Bc2 a5 14. a3 Ne6 15. d4
Nef4 16. dxe5 dxe5 17. Bxf4 Nxf4 18. Kh2 Rd8 19. Qc1 Bh6 20. g3 Kg7 21. Nbd2
Nxh3 22. Re2 Bg4 23. Qe1 Bxd2 24. Rxd2 Bxf3 25. Rxd8 Qxd8 26. Qe3 Ng5 0-1

[Event "Skakligaen 2019-20"]
[Site "Denmark"]
[Date "2019.11.24"]
[Round "2.8"]
[White "Greger, Roland Reinhard"]
[Black "Ochsner, Henrik"]
[Result "1-0"]
[WhiteElo "2276"]
[BlackElo "1889"]
[PlyCount "102"]
[EventDate "2019.11.23"]
[EventType "team-tourn"]
[EventRounds "9"]
[WhiteTeam "Bronshoj"]
[BlackTeam "Aarhus Skolerne"]
[WhiteTeamCountry "DEN"]
[BlackTeamCountry "DEN"]

1. e4 d6 2. d4 Nf6 3. Nc3 c6 4. Be3 Qa5 5. f3 e5 6. Nge2 Be7 7. Qd2 O-O 8. g4
b5 9. Ng3 exd4 10. Bxd4 b4 11. Nd1 Re8 12. b3 c5 13. Bb2 Nc6 14. Ne3 Ne5 15.
Be2 Bf8 16. g5 Nfd7 17. Ngf5 Ba6 18. Nd5 Bxe2 19. Qxe2 Rac8 20. Rg1 c4 21. Bd4
Qxd5 22. exd5 Nxf3+ 23. Kf2 Rxe2+ 24. Kxe2 Nxg1+ 25. Rxg1 cxb3 26. cxb3 Rc2+
27. Kd3 Rxa2 28. Nh6+ Kh8 29. Nxf7+ Kg8 30. Nd8 Rxh2 31. Nc6 Rh3+ 32. Kc4 Rh4
33. Kb5 Ne5 34. Bxe5 dxe5 35. Nxe5 Rd4 36. Kc6 a5 37. Ra1 Re4 38. Nc4 h6 39.
gxh6 gxh6 40. d6 Kf7 41. Rxa5 Ke6 42. Rd5 Rh4 43. d7 Be7 44. d8=Q Bxd8 45. Rxd8
Rh3 46. Nd2 h5 47. Kc5 h4 48. Kxb4 Rg3 49. Rh8 h3 50. Kc4 Rg2 51. Nf3 Kf5 1-0

[Event "Skakligaen 2019-20"]
[Site "Denmark"]
[Date "2019.12.01"]
[Round "3.1"]
[White "Hurtado, Javier Marchena"]
[Black "Rozentalis, Eduardas"]
[Result "0-1"]
[WhiteElo "2356"]
[BlackElo "2547"]
[PlyCount "84"]
[EventDate "2019.11.23"]
[EventType "team-tourn"]
[EventRounds "9"]
[WhiteTeam "OBRO"]
[BlackTeam "Koge"]
[WhiteTeamCountry "DEN"]
[BlackTeamCountry "DEN"]

1. e4 Nf6 2. e5 Nd5 3. d4 d6 4. Nf3 g6 5. Be2 Bg7 6. O-O O-O 7. h3 dxe5 8. Nxe5
c5 9. c3 cxd4 10. cxd4 Nc6 11. Nxc6 bxc6 12. Nc3 Qb6 13. Bf3 Ba6 14. Ne2 e6 15.
Rb1 Rfd8 16. Bg5 Rd7 17. Re1 Bxe2 18. Qxe2 Bxd4 19. Red1 Rb8 20. Be4 Bg7 21. a3
Rdb7 22. Rd2 Qa5 23. Bh4 Nc3 24. bxc3 Rxb1+ 25. Bxb1 Rxb1+ 26. Rd1 Rxd1+ 27.
Qxd1 Bxc3 28. Qd7 Be5 29. g4 Kg7 30. Be7 Qe1+ 31. Kg2 Qe4+ 32. Kg1 Bd4 33. Bh4
h5 34. Bg3 hxg4 35. hxg4 Qxg4 36. Kg2 Qe4+ 37. Kg1 Qd5 38. Qc7 a6 39. Qb8 c5
40. Bd6 Qf5 41. Bf8+ Kh7 42. Qh2+ Kg8 0-1

[Event "Skakligaen 2019-20"]
[Site "Denmark"]
[Date "2019.12.01"]
[Round "3.2"]
[White "Chatalbashev, Boris"]
[Black "Nielsen, Viktor Haarmark"]
[Result "1/2-1/2"]
[WhiteElo "2530"]
[BlackElo "2268"]
[PlyCount "147"]
[EventDate "2019.11.23"]
[EventType "team-tourn"]
[EventRounds "9"]
[WhiteTeam "Koge"]
[BlackTeam "OBRO"]
[WhiteTeamCountry "DEN"]
[BlackTeamCountry "DEN"]

1. d4 d5 2. c4 e6 3. Nc3 Nf6 4. cxd5 exd5 5. Bg5 Be7 6. e3 c6 7. Qc2 Nbd7 8.
Bd3 h6 9. Bh4 Nh5 10. Bxe7 Qxe7 11. Nge2 Nb6 12. O-O O-O 13. Rae1 Bd7 14. Nc1
Nf6 15. Nb3 Rad8 16. Nc5 Bc8 17. b4 a6 18. a4 Nbd7 19. Qb3 Rfe8 20. Re2 h5 21.
Rfe1 Nxc5 22. bxc5 Ne4 23. Nxe4 dxe4 24. Bc4 h4 25. Rb2 g6 26. Rf1 Kg7 27. Qc3
Kh7 28. Rb3 h3 29. g3 Qf6 30. Be2 Rd5 31. Rfb1 Re7 32. Qe1 Kg7 33. R1b2 Rd8 34.
Rb6 Qf5 35. Qf1 Qf6 36. R2b3 Qg5 37. Qb1 Qd5 38. a5 Qd7 39. R3b4 Kg8 40. Qd1
Qf5 41. Qb3 Rdd7 42. Qb1 Rc7 43. Qf1 Qg5 44. Bc4 Qf5 45. Rb2 Kg7 46. Rd2 Be6
47. Be2 Qg5 48. Qb1 Qf5 49. g4 Qg5 50. Qxe4 Bd5 51. Qf4 Qxf4 52. exf4 Bf3 53.
Kf1 Bg2+ 54. Ke1 Re4 55. Rb3 Rd7 56. f3 Rxf4 57. Rbd3 Rd5 58. Kf2 g5 59. Bd1
Kf8 60. Bb3 Rd7 61. d5 cxd5 62. Bxd5 Ra4 63. Be4 Rxd3 64. Rxd3 Rxa5 65. Rd5 f6
66. Rf5 Ra2+ 67. Ke3 Ke7 68. Bxb7 Bf1 69. f4 Bg2 70. c6 gxf4+ 71. Rxf4 Rc2 72.
Ra4 Bxc6 73. Bxc6 Rxc6 74. Kf4 1/2-1/2

[Event "Skakligaen 2019-20"]
[Site "Denmark"]
[Date "2019.12.01"]
[Round "3.3"]
[White "Hansen, Mads Smith"]
[Black "Danielsen, Henrik"]
[Result "1-0"]
[WhiteElo "2361"]
[BlackElo "2497"]
[PlyCount "107"]
[EventDate "2019.11.23"]
[EventType "team-tourn"]
[EventRounds "9"]
[WhiteTeam "OBRO"]
[BlackTeam "Koge"]
[WhiteTeamCountry "DEN"]
[BlackTeamCountry "DEN"]

1. d4 Nf6 2. c4 d6 3. Nc3 Nbd7 4. e4 e5 5. Nf3 Be7 6. Be2 O-O 7. O-O c6 8. Re1
a6 9. Rb1 Qc7 10. b4 b6 11. d5 c5 12. a3 Re8 13. Bf1 Nf8 14. bxc5 bxc5 15. Bd2
Bd7 16. Qc2 Reb8 17. Nh4 Bd8 18. Nf5 Rxb1 19. Rxb1 Rb8 20. Bd3 Ng6 21. g3 h6
22. Qc1 Rxb1 23. Qxb1 Ne7 24. Nh4 Qc8 25. f4 Ng6 26. Nxg6 fxg6 27. fxe5 dxe5
28. Nd1 Qc7 29. Bc3 Be7 30. Qb2 Bd6 31. Nf2 Be8 32. h4 Bd7 33. Be2 Kh7 34. Bf3
Bc8 35. Nd3 Bg4 36. Bg2 Nd7 37. Nf2 Nf6 38. Nd3 Nd7 39. Nf2 Nf6 40. Kf1 Bc8 41.
Bf3 Bd7 42. Kg2 Bc8 43. Nd3 Nd7 44. Bg4 Nf6 45. Bxc8 Qxc8 46. Bxe5 Nxe4 47. Qe2
Bxe5 48. Qxe4 Bd6 49. g4 Qf8 50. h5 Qf6 51. Nf2 Bf8 52. hxg6+ Qxg6 53. Kf3
Qxe4+ 54. Kxe4 1-0

[Event "Skakligaen 2019-20"]
[Site "Denmark"]
[Date "2019.12.01"]
[Round "3.4"]
[White "Smith, Axel"]
[Black "Rasmussen, Casper Dahl"]
[Result "1-0"]
[WhiteElo "2465"]
[BlackElo "2304"]
[PlyCount "143"]
[EventDate "2019.11.23"]
[EventType "team-tourn"]
[EventRounds "9"]
[WhiteTeam "Koge"]
[BlackTeam "OBRO"]
[WhiteTeamCountry "DEN"]
[BlackTeamCountry "DEN"]

1. Nf3 Nf6 2. c4 c6 3. Nc3 d5 4. e3 e6 5. b3 Bd6 6. Bb2 Nbd7 7. Qc2 O-O 8. Be2
a6 9. d4 b5 10. O-O Rb8 11. Rfd1 Re8 12. g3 Qe7 13. Rac1 Bb7 14. Bf1 bxc4 15.
bxc4 c5 16. dxc5 Nxc5 17. Nd2 Ng4 18. Bg2 d4 19. exd4 Bxg2 20. dxc5 Bxc5 21.
Nde4 Bf3 22. Re1 Ba7 23. h3 Nxf2 24. Nxf2 Qc7 25. Kh2 Qb6 26. Rb1 Qxf2+ 27.
Qxf2 Bxf2 28. Rf1 Bd4 29. Rxf3 Rec8 30. Nd1 Rxc4 31. Rb3 Rxb3 32. axb3 Rc2+ 33.
Kh1 Bxb2 34. Rxb2 Rc1 35. Rd2 Kf8 36. Kg2 Ke7 37. Kf3 a5 38. Ke2 Ra1 39. Nc3 g5
40. Ra2 Rh1 41. Rxa5 Rxh3 42. Rxg5 f5 43. Kf3 Rh1 44. Rg7+ Kd6 45. Rb7 e5 46.
Rb6+ Kc5 47. Rb5+ Kd6 48. b4 Rf1+ 49. Ke3 Rg1 50. Kf2 Rc1 51. Rd5+ Ke6 52. Rc5
Rc2+ 53. Ke3 Rb2 54. b5 h5 55. Rc6+ Kd7 56. Rf6 f4+ 57. gxf4 exf4+ 58. Rxf4 Rg2
59. Rf6 h4 60. Rh6 Rg3+ 61. Kd4 h3 62. Rh7+ Kc8 63. Ne4 Rb3 64. Nc3 Rb4+ 65.
Kc5 Rg4 66. Rxh3 Rg5+ 67. Nd5 Rg1 68. Rh8+ Kb7 69. Rh7+ Kb8 70. Nb4 Kc8 71. Kb6
Rb1 72. Rc7+ 1-0

[Event "Skakligaen 2019-20"]
[Site "Denmark"]
[Date "2019.12.01"]
[Round "3.5"]
[White "Larsen, Karsten"]
[Black "Ahlander, Bjorn"]
[Result "0-1"]
[WhiteElo "2259"]
[BlackElo "2414"]
[PlyCount "88"]
[EventDate "2019.11.23"]
[EventType "team-tourn"]
[EventRounds "9"]
[WhiteTeam "OBRO"]
[BlackTeam "Koge"]
[WhiteTeamCountry "DEN"]
[BlackTeamCountry "DEN"]

1. e4 c5 2. Nf3 e6 3. g3 Nc6 4. Bg2 Nf6 5. d3 d5 6. Nbd2 Be7 7. O-O O-O 8. Re1
b5 9. e5 Nd7 10. Nf1 Bb7 11. h4 Qc7 12. Bf4 Rfc8 13. N1h2 Qd8 14. Ng5 Nf8 15.
Qh5 Qe8 16. Qg4 Nd4 17. Rac1 b4 18. h5 h6 19. Ngf3 Nxf3+ 20. Nxf3 Kh8 21. Qh3
Nh7 22. g4 Qd8 23. Qg3 a5 24. Nh2 a4 25. Rf1 c4 26. d4 a3 27. b3 Ba6 28. Rfe1
Rc6 29. Bd2 Rac8 30. Bf1 Bg5 31. Bxb4 Bxc1 32. Rxc1 cxb3 33. Qxb3 Bxf1 34. Rxf1
f6 35. exf6 Qxf6 36. c3 Ng5 37. f3 Qf4 38. Kg2 e5 39. Rf2 e4 40. fxe4 Qxe4+ 41.
Kg3 Re6 42. Qd1 Qe3+ 43. Kg2 Qh3+ 44. Kg1 Rce8 0-1

[Event "Skakligaen 2019-20"]
[Site "Denmark"]
[Date "2019.12.01"]
[Round "3.6"]
[White "Antonsen, Mikkel"]
[Black "Simonsen, Carsten"]
[Result "1/2-1/2"]
[WhiteElo "2390"]
[BlackElo "2232"]
[PlyCount "116"]
[EventDate "2019.11.23"]
[EventType "team-tourn"]
[EventRounds "9"]
[WhiteTeam "Koge"]
[BlackTeam "OBRO"]
[WhiteTeamCountry "DEN"]
[BlackTeamCountry "DEN"]

1. d4 Nf6 2. c4 g6 3. Nc3 d5 4. cxd5 Nxd5 5. e4 Nxc3 6. bxc3 Bg7 7. Be3 c5 8.
Nf3 Qa5 9. Nd2 cxd4 10. Nc4 Qd8 11. cxd4 O-O 12. Rb1 f5 13. Ne5 Kh8 14. Bc4 f4
15. Bc1 Bxe5 16. dxe5 Qxd1+ 17. Kxd1 Nc6 18. Bb2 Na5 19. e6+ Kg8 20. Bd5 Nc6
21. Rc1 Nd8 22. Rc7 Re8 23. Ke2 Bxe6 24. Kf3 Bxd5 25. exd5 Nf7 26. Re1 e5 27.
Rxb7 Rac8 28. h4 Rc2 29. Re2 Rc4 30. Rxa7 h5 31. g3 g5 32. gxf4 Rxf4+ 33. Kg2
Rg4+ 34. Kf1 Rxh4 35. d6 Nxd6 36. Rxe5 Rxe5 37. Bxe5 Nf7 38. Bc7 Rc4 39. a4 h4
40. a5 h3 41. a6 Rc1+ 42. Ke2 Rc6 43. Kf3 Nd6 44. Kg3 Nb5 45. Ra8+ Kf7 46. Be5
Ke6 47. Re8+ Kd5 48. Bg7 Rxa6 49. Re5+ Kc4 50. Rxg5 Ra3+ 51. f3 Rd3 52. Be5 h2
53. Rh5 Nd4 54. Bxd4 Kxd4 55. Kf4 Rd2 56. Kg3 h1=Q 57. Rxh1 Ke5 58. Rh6 Kf5
1/2-1/2

[Event "Skakligaen 2019-20"]
[Site "Denmark"]
[Date "2019.12.01"]
[Round "3.7"]
[White "Jorgensen, Brian Jorgen"]
[Black "Zude, Erik"]
[Result "1/2-1/2"]
[WhiteElo "2219"]
[BlackElo "2382"]
[PlyCount "128"]
[EventDate "2019.11.23"]
[EventType "team-tourn"]
[EventRounds "9"]
[WhiteTeam "OBRO"]
[BlackTeam "Koge"]
[WhiteTeamCountry "DEN"]
[BlackTeamCountry "DEN"]

1. d4 d6 2. Nf3 Nf6 3. c4 Nbd7 4. Nc3 e5 5. e4 Be7 6. Be2 O-O 7. O-O c6 8. Qc2
a6 9. Rd1 Qc7 10. Nh4 g6 11. Bh6 Re8 12. d5 cxd5 13. cxd5 b5 14. a3 Nc5 15.
Rac1 Ng4 16. Bxg4 Bxg4 17. f3 Bd7 18. g3 a5 19. b4 axb4 20. axb4 Na4 21. Qd2
Qb8 22. Ng2 Nb6 23. Ne3 Rc8 24. f4 Nc4 25. Nxc4 Rxc4 26. fxe5 dxe5 27. d6 Bd8
28. Qd5 Bf6 29. Rf1 Be6 30. Qxb5 Qa7+ 31. Kg2 Qd4 32. Rfd1 Rxb4 33. Rxd4 Rxb5
34. Rd2 Rc5 35. Rf2 Bg7 36. Bd2 Rd8 37. Be3 Rc6 38. Nb5 Rxc1 39. Bxc1 Bd7 40.
Nc3 Bc6 41. Ba3 Bf8 42. Rd2 f5 43. Kf2 Kf7 44. exf5 gxf5 45. Nd1 Ke6 46. Ne3 h5
47. h3 Bh6 48. Rc2 Be4 49. Rb2 Rc8 50. Rb3 Bg5 51. Bb2 h4 52. gxh4 Bxh4+ 53.
Ke2 Bd8 54. Rb5 Bf6 55. d7 Kxd7 56. Bxe5 Bxe5 57. Rxe5 Kd6 58. Ra5 Ke6 59. Kf2
f4 60. Ng4 Rc2+ 61. Ke1 Bd5 62. Ra6+ Kf5 63. Ra5 Ke6 64. Ra6+ Kf5 1/2-1/2

[Event "Skakligaen 2019-20"]
[Site "Denmark"]
[Date "2019.12.01"]
[Round "3.8"]
[White "Jorgensen, Brian"]
[Black "Schou Moldt, Thomas"]
[Result "1-0"]
[WhiteElo "2252"]
[BlackElo "2173"]
[PlyCount "83"]
[EventDate "2019.11.23"]
[EventType "team-tourn"]
[EventRounds "9"]
[WhiteTeam "Koge"]
[BlackTeam "OBRO"]
[WhiteTeamCountry "DEN"]
[BlackTeamCountry "DEN"]

1. d4 Nf6 2. c4 d6 3. Nc3 e5 4. e3 Nbd7 5. Bd3 c6 6. Nf3 Be7 7. O-O O-O 8. Qc2
Re8 9. b4 Bf8 10. d5 g6 11. e4 c5 12. a3 a5 13. bxa5 Rxa5 14. Nb5 Nb6 15. Bd2
Ra4 16. Qb3 Nh5 17. Rfb1 Ra6 18. Ne1 f5 19. exf5 gxf5 20. Qd1 Ng7 21. Bf1 Be7
22. Rb3 Bf6 23. Rab1 Na8 24. f4 e4 25. Bc3 Bd7 26. Nc2 Rf8 27. Bxf6 Rxf6 28.
Ne3 Rh6 29. Qd2 Qf6 30. Qb2 Qh4 31. g3 Qh5 32. Qf2 b6 33. Nc3 Ra7 34. g4 fxg4
35. Nxe4 Bf5 36. Ng3 Qf7 37. Bd3 Bxd3 38. Rxd3 Nh5 39. f5 Nf6 40. Qf4 Qf8 41.
Nxg4 Rh4 42. Qg5+ 1-0

[Event "Skakligaen 2019-20"]
[Site "Denmark"]
[Date "2019.12.01"]
[Round "3.1"]
[White "Glud, Jakob Vang"]
[Black "Jacobsen, Mikkel Manosri"]
[Result "1/2-1/2"]
[WhiteElo "2550"]
[BlackElo "2330"]
[PlyCount "83"]
[EventDate "2019.11.23"]
[EventType "team-tourn"]
[EventRounds "9"]
[WhiteTeam "Aarhus Skolerne"]
[BlackTeam "BMS"]
[WhiteTeamCountry "DEN"]
[BlackTeamCountry "DEN"]

1. c4 c5 2. g3 g6 3. Bg2 Bg7 4. Nc3 Nc6 5. Nf3 e6 6. O-O Nge7 7. d3 O-O 8. Bf4
d5 9. cxd5 Nxd5 10. Bg5 Qa5 11. Na4 Nb6 12. Nxb6 axb6 13. Nd2 c4 14. Ne4 b5 15.
Bd2 Qc7 16. Bc3 e5 17. dxc4 Rd8 18. Qc2 b4 19. Bd2 Nd4 20. Qd1 f5 21. Ng5 Qxc4
22. e3 Ne2+ 23. Kh1 h6 24. Nh3 Be6 25. Qe1 Rxa2 26. Rxa2 Qxa2 27. Bxb4 Qxb2 28.
Qb1 Qxb1 29. Rxb1 e4 30. Bf1 Nc3 31. Bxc3 Bxc3 32. Rxb7 Bf7 33. Kg2 Be5 34. Rb5
Rd5 35. Rb4 Rc5 36. Ng1 Rc2 37. Ra4 Kg7 38. Ne2 Bc4 39. Ng1 Be6 40. Be2 Ra2 41.
Rb4 Rb2 42. Ra4 1/2-1/2

[Event "Skakligaen 2019-20"]
[Site "Denmark"]
[Date "2019.12.01"]
[Round "3.2"]
[White "Haubro, Martin"]
[Black "Skytte, Rasmus"]
[Result "0-1"]
[WhiteElo "2358"]
[BlackElo "2373"]
[PlyCount "88"]
[EventDate "2019.11.23"]
[EventType "team-tourn"]
[EventRounds "9"]
[WhiteTeam "BMS"]
[BlackTeam "Aarhus Skolerne"]
[WhiteTeamCountry "DEN"]
[BlackTeamCountry "DEN"]

1. e4 g6 2. d4 Bg7 3. Nc3 d6 4. Be3 a6 5. h4 h5 6. Nh3 Bxh3 7. Rxh3 b5 8. f4 b4
9. Nd5 e6 10. Nxb4 Ne7 11. Nd3 Nd7 12. Be2 Rb8 13. c3 O-O 14. g4 hxg4 15. Bxg4
f5 16. Bf3 fxe4 17. Bxe4 Nf6 18. Bf3 Nf5 19. Bf2 Qe8 20. Qc2 c5 21. dxc5 e5 22.
fxe5 dxe5 23. Be2 Nd5 24. O-O-O e4 25. Nb4 Nxb4 26. Qb3+ Kh8 27. cxb4 Qe5 28.
Be1 a5 29. Bc3 Qf4+ 30. Kb1 axb4 31. Bxg7+ Nxg7 32. h5 g5 33. h6 Nf5 34. Qe6
Rbe8 35. Qg6 Qe5 36. Qxg5 Rg8 37. Qh5 Rd8 38. Rxd8 Rxd8 39. Qg5 Rg8 40. Qc1 e3
41. Bd3 e2 42. Rh1 Nd4 43. Re1 Qg3 44. Bc2 Rf8 0-1